00646 2200253 4500001002100000005001700021008004100038020001800079035002400097040001200121082000800133090001500141100001600156245005900172250001100231260003600242300002400278650002000302700001900322850001200341990001300353990001300366990001300379YOGYA-0209000000756820090227021033.0 ind  a979-9251-44-3 0010-020900000007568 aYOPDYOG a813 a813bKun M aKUNTOWIJOYO aMantra pejinak ularcKuntowijoyo; editor Kenedi Nurhan aCet. 2 aJakartabPenerbit Kompasc[s.a] axii, 243 hlmc22 cm aFiksi Indonesia aNURHAN, Kenedi aYOPDYOG a04P00901 a04P00902 a04P00903